<?xml version="1.0" encoding="UTF-8"?>
<collection xmlns:xsi="http://www.w3.org/2001/XMLSchema-instance" xsi:schemaLocation="http://www.loc.gov/MARC21/slim http://www.loc.gov/standards/marcxml/schema/MARC21slim.xsd" xmlns="http://www.loc.gov/MARC21/slim">
 <record>
  <leader>00000nam a22000004a 4500</leader>
  <controlfield tag="001">UP-1685594773857733358</controlfield>
  <controlfield tag="003">Buklod</controlfield>
  <controlfield tag="005">20260413100525.0</controlfield>
  <controlfield tag="007">ta</controlfield>
  <controlfield tag="008">260413s2022    xx      r    |||| u|    d</controlfield>
  <datafield tag="040" ind1=" " ind2=" ">
   <subfield code="a">DARC</subfield>
   <subfield code="e">rda</subfield>
  </datafield>
  <datafield tag="041" ind1=" " ind2=" ">
   <subfield code="a">eng</subfield>
  </datafield>
  <datafield tag="042" ind1=" " ind2=" ">
   <subfield code="a">DMLUC</subfield>
  </datafield>
  <datafield tag="090" ind1=" " ind2=" ">
   <subfield code="a">LG 993.5 2022 T73</subfield>
   <subfield code="b">F35</subfield>
  </datafield>
  <datafield tag="100" ind1="1" ind2=" ">
   <subfield code="a">Fajardo, Joselle Marie B.</subfield>
   <subfield code="e">author.</subfield>
  </datafield>
  <datafield tag="245" ind1="1" ind2="0">
   <subfield code="a">#ShareTheRoadWithHer </subfield>
   <subfield code="b">evaluating women’s landscape preference of cycling infrastructure In Quezon City based on mobility needs</subfield>
   <subfield code="c">Joselle Marie B. Fajardo ; Nappy Navarra and Joyce Muriel Aguirre, advisers.</subfield>
  </datafield>
  <datafield tag="264" ind1=" " ind2="1">
   <subfield code="a">Quezon City </subfield>
   <subfield code="b">College of Architecture, University of the Philippines Diliman</subfield>
   <subfield code="c">May 2022.</subfield>
  </datafield>
  <datafield tag="300" ind1=" " ind2=" ">
   <subfield code="a">vii, 290 leaves</subfield>
   <subfield code="b">illustrations (some color)</subfield>
   <subfield code="c">28 cm.</subfield>
  </datafield>
  <datafield tag="336" ind1=" " ind2=" ">
   <subfield code="a">text</subfield>
   <subfield code="2">rdacontent</subfield>
  </datafield>
  <datafield tag="337" ind1=" " ind2=" ">
   <subfield code="a">unmediated</subfield>
   <subfield code="2">rdamedia</subfield>
  </datafield>
  <datafield tag="338" ind1=" " ind2=" ">
   <subfield code="a">volume</subfield>
   <subfield code="2">rdacarrier</subfield>
  </datafield>
  <datafield tag="500" ind1=" " ind2=" ">
   <subfield code="a">includes appendices</subfield>
  </datafield>
  <datafield tag="502" ind1=" " ind2=" ">
   <subfield code="a">Thesis (Bachelor of Landscape Architecture)--University of the Philippines, Diliman</subfield>
   <subfield code="d">May 2022.</subfield>
  </datafield>
  <datafield tag="520" ind1="3" ind2=" ">
   <subfield code="a">The world has been historically built for men. This manifests in how our built environment is designed, as the gender gap in cycling is prevailing due to the lack of cycling infrastructure that match women's preferences and mobility needs. There are two main themes in cycling and gender studies: 1) women cycle less because they have greater safety concerns due to issues of street harassment, and 2) women have more complex mobility patterns due to juggling household tasks and care responsibilities. While there has been convergence with men's and women's activities in the past decades, gender-specific needs have to be addressed. Failing to recognize these differences hampers the development of achieving transport equity.&#13;
This study aims to create planning solutions to encourage women to cycle by designing an ideal cycling condition anchored on women’s mobility needs. In the results, it is reflected that there is a difference between men and women’s mobility patterns, and current cycling infrastructure do not match demands on mobility needs. Thus, three planning schemes were developed based on design principles on mobility patterns and safety perception. The optimum design intervention has received the highest rating among the three planning schemes. Thus, the planning solutions and policy interventions created in this study is anchored on the scenario that the Philippines has veered away from car-centrism. A chosen route in Quezon City is used as a pilot site in applying the women-specific interventions and policy solutions. By closely examining the experiences and preferences of women, we can provide alternative solutions and interventions to create safer and more inclusive streets.</subfield>
  </datafield>
  <datafield tag="650" ind1=" " ind2="0">
   <subfield code="a">Cycling for women</subfield>
   <subfield code="z">Quezon City.</subfield>
  </datafield>
  <datafield tag="650" ind1=" " ind2="0">
   <subfield code="a">Urban transportation</subfield>
   <subfield code="z">Quezon City.</subfield>
  </datafield>
  <datafield tag="650" ind1=" " ind2="0">
   <subfield code="a">Women and transportation.</subfield>
  </datafield>
  <datafield tag="700" ind1="1" ind2=" ">
   <subfield code="a">Navarra, Nappy </subfield>
   <subfield code="e">thesis adviser.</subfield>
  </datafield>
  <datafield tag="700" ind1="1" ind2=" ">
   <subfield code="a">Aguirre, Joyce Muriel </subfield>
   <subfield code="e">thesis adviser.</subfield>
  </datafield>
  <datafield tag="905" ind1=" " ind2=" ">
   <subfield code="a">FI</subfield>
  </datafield>
  <datafield tag="905" ind1=" " ind2=" ">
   <subfield code="a">UP</subfield>
  </datafield>
  <datafield tag="852" ind1="0" ind2=" ">
   <subfield code="a">UPD</subfield>
   <subfield code="b">DARC</subfield>
   <subfield code="h">LG 993.5 2022 T73</subfield>
   <subfield code="i">F35</subfield>
  </datafield>
  <datafield tag="942" ind1=" " ind2=" ">
   <subfield code="a">Thesis</subfield>
  </datafield>
 </record>
</collection>
